000
00216nam a22000857a 4500
008
160708b xxu||||| |||| 00| 0 eng d
100
_9
2471
_a
Clark, E.T
245
_a
The Chianges of China
260
_a
N.Y
_b
Abingdon Press
999
_c
2139
_d
2139